| 000 | 00637nam a2200205Ii 4500 | ||
|---|---|---|---|
| 003 | JO-AjNU | ||
| 008 | 230605s9999||||xx |||||||||||||| ||und|| | ||
| 017 | _a2009/11/4720 | ||
| 040 |
_aJO-AjNU _bara _erda _cJO-AjNU |
||
| 041 | _aara | ||
| 050 | 1 | 4 | _aPJ7862.H22.A71 2009 |
| 100 | 3 |
_aتأليف الشابي،أبي القاسم, _eauthor _922980 |
|
| 245 | 0 | 0 | _aأغاني الحياة، ديوان |
| 264 | 3 | 1 | _aعمان: وزارة الثقافة،2009 |
| 300 | _a227ص | ||
| 336 |
_atext _btxt _2rdacontent |
||
| 337 |
_aunmediated _bn _2rdamedia |
||
| 338 |
_avolume _bnc _2rdacarrier |
||
| 650 | 4 |
_aالشعر العربي _922981 |
|
| 999 |
_aA8242 _c11810 _d11810 |
||